书目信息 |
| 题名: |
变分学教程
|
|
| 作者: | M.A.拉弗林契叶夫 著 ;曾鼎 译 | |
| 分册: | ||
| 出版信息: | 北京 高等教育出版社 1955.03 |
|
| 页数: | 234页 | |
| 开本: | 20cm | |
| 丛书名: | ||
| 单 册: | ||
| 中图分类: | O176-43 | |
| 科图分类: | ||
| 主题词: | 数学分析 | |
| 电子资源: | ||
| ISBN: | ||
| 000 | 00646nam0 2200205 450 | |
| 001 | 0630666984 | |
| 005 | 20060728083513.98 | |
| 100 | @a20060728d1955 km y0chiy0120 ea | |
| 101 | 0 | @achi@crus |
| 102 | @aCN@b110000 | |
| 200 | 1 | @a变分学教程@Abian fen xue jiao cheng@fM.A.拉弗林契叶夫等著@FM.A.la fu lin qi ye fu deng zhu@g曾鼎 等译@Gceng ding deng yi |
| 210 | @a北京@c高等教育出版社@d1955.03 | |
| 215 | @a234页@d20cm | |
| 300 | @a高等学校教学用书 | |
| 606 | 0 | @a数学分析 |
| 690 | @aO176-43@v3 | |
| 701 | 0 | @aM.A.拉弗林契叶夫@AM.A.la fu lin qi ye fu@4著 |
| 702 | 0 | @a曾鼎@Aceng ding@4译 |
| 801 | 0 | @aCN@bPFT@c20060728 |
| 905 | @a10447@dO176-43@e62 | |
| 变分学教程/M.A.拉弗林契叶夫等著/曾鼎 等译.-北京:高等教育出版社,1955.03 |
| 234页;20cm |
| 高等学校教学用书 |
| ISBN : |
| ● |
| 相关链接 |
|
|
|
|
正题名:变分学教程
索取号:O176-43/62
 
预约/预借
| 序号 | 登录号 | 条形码 | 馆藏地/架位号 | 状态 | 备注 |
| 1 | 0442515 | 204425158 | 密集书库/ [索取号:O176-43/62] | 在馆 |